000 01706nam0a2200385 4500
001 RU\NLR\BIBL_A\022015005
005 20230914110522.0
010 _a978-5-4461-2408-4
_91000
021 _aRU
_bКН-П-23-047451
_9КН-П-23-4751
035 _a(NLR Aleph) 022015005
035 _a(RuMoRGB)011975421
090 _a12494905
_c12494905
100 _a20230830d2023 u y0rusy50 ca
101 0 _arus
102 _aRU
105 _aa z 000zy
181 0 _ai
_baxxe
182 0 _an
200 1 _aЭффект Зейгарник
_eсборник
_fБ. В. Зейгарник
_g[предисловие: А. Б. Холмогорова, доктор психологических наук, профессор]
203 _aТекст
_bвизуальный
_cнепосредственный
210 _aСанкт-Петербург [и др.]
_cПитер
_d2023
215 _a270, [1] с.
_cил., табл.
_d24
225 1 _aМастера психологии
300 _aВ аннот. авт. Б. В. Зейгарник - психолог
320 _aБиблиогр. в конце отд. разд. и в подстроч. примеч.
333 _a16+
606 1 _aЗапоминание
_jСборники
_2nlr_sh1
_2nlr_sh2
_3RU\NLR\AUTH\66311751
606 1 _aМышление
_xПсихологические исследования
_jСборники
_2nlr_sh1
_2nlr_sh2
_3RU\NLR\AUTH\66762253
686 1 _aЮ935.12-391я44
686 1 _aЮ935.131я44
700 1 _aЗейгарник
_bБ. В.
_f1901-1988
_gБлюма Вульфовна
_3RU\NLR\AUTH\770229110
942 _cBOOK
980 _aNB